Changing Gender Relations in Southern Africa: (Record no. 3149)
[ view plain ]
| 000 -LEADER | |
|---|---|
| fixed length control field | 01069cam a2200313 a 4500 |
| 001 - CONTROL NUMBER | |
| control field | 12031308 |
| 003 - CONTROL NUMBER IDENTIFIER | |
| control field | OSt |
| 005 - DATE AND TIME OF LATEST TRANSACTION | |
| control field | 20191127100324.0 |
| 008 - FIXED-LENGTH DATA ELEMENTS--GENERAL INFORMATION | |
| fixed length control field | 000503s1998 lo b f000 0 eng |
| 010 ## - LIBRARY OF CONGRESS CONTROL NUMBER | |
| LC control number | 99892503 |
| 020 ## - INTERNATIONAL STANDARD BOOK NUMBER | |
| International Standard Book Number | 9991131213 |
| 035 ## - SYSTEM CONTROL NUMBER | |
| System control number | (DLC) 99892503 |
| 040 ## - CATALOGING SOURCE | |
| Original cataloging agency | DLC |
| Transcribing agency | DLC |
| Modifying agency | DLC |
| 042 ## - AUTHENTICATION CODE | |
| Authentication code | lcode |
| 043 ## - GEOGRAPHIC AREA CODE | |
| Geographic area code | fs----- |
| 050 00 - LIBRARY OF CONGRESS CALL NUMBER | |
| Classification number | HQ1800 |
| Item number | .C53 1998 |
| 082 00 - DEWEY DECIMAL CLASSIFICATION NUMBER | |
| Classification number | 305.4 |
| Edition number | 21 |
| Item number | CHA 1998 |
| 100 ## - MAIN ENTRY--PERSONAL NAME | |
| Personal name | Edited by Anita, Larsson; Matseliso, Mapetla; Ann, Schlyter. |
| 9 (RLIN) | 13092 |
| 245 00 - TITLE STATEMENT | |
| Title | Changing Gender Relations in Southern Africa: |
| Remainder of title | issues of urban life |
| 260 ## - PUBLICATION, DISTRIBUTION, ETC. (IMPRINT) | |
| Place of publication, distribution, etc. | Roma, Lesotho; |
| Name of publisher, distributor, etc. | Institute of Southern African Studies, |
| Date of publication, distribution, etc. | 1998. |
| 300 ## - PHYSICAL DESCRIPTION | |
| Extent | 336 p. ; |
| Dimensions | 21 cm. |
| 440 #0 - SERIES STATEMENT/ADDED ENTRY--TITLE | |
| Title | ISAS book series |
| 9 (RLIN) | 7029 |
| 504 ## - BIBLIOGRAPHY, ETC. NOTE | |
| Bibliography, etc | Includes bibliographical references. |
| 650 #0 - SUBJECT ADDED ENTRY--TOPICAL TERM | |
| Topical term or geographic name as entry element | Urban women |
| 9 (RLIN) | 7030 |
| 650 #0 - SUBJECT ADDED ENTRY--TOPICAL TERM | |
| Topical term or geographic name as entry element | Women emancipation |
| 9 (RLIN) | 7031 |
| 906 ## - LOCAL DATA ELEMENT F, LDF (RLIN) | |
| a | 7 |
| b | cbc |
| c | origode |
| d | 3 |
| e | ncip |
| f | 19 |
| g | y-gencatlg |
| 942 ## - ADDED ENTRY ELEMENTS (KOHA) | |
| Source of classification or shelving scheme | Dewey Decimal Classification |
| Koha item type | Short Loan |
| Withdrawn status | Lost status | Source of classification or shelving scheme | Damaged status | Not for loan | Home library | Current library | Date acquired | Source of acquisition | Inventory number | Total Checkouts | Full call number | Barcode | Date last seen | Koha item type |
|---|---|---|---|---|---|---|---|---|---|---|---|---|---|---|
| Dewey Decimal Classification | MUST Main Library | MUST Main Library | 02/03/2016 | Purchase | 98/12005 | 305.4 CHA 1998 | 2016-0317 | 02/03/2016 | Short Loan | |||||
| Dewey Decimal Classification | MUST Main Library | MUST Main Library | 02/03/2016 | Purchase | 98/12006 | 305.4 CHA 1998 | 2016-0318 | 02/03/2016 | Short Loan |
